| 000 | 004560000a22001690004500 | ||
|---|---|---|---|
| 003 | LK-CoMWRAF | ||
| 008 | 230817t ||||| |||| 00| 0 eng d | ||
| 040 |
_aLK-CoMWRAF _dLK-CoMWRAF _eLK-CoMWRAF |
||
| 041 | _aeng | ||
| 082 |
_a180 _bKAN |
||
| 100 | _aKhan, Kamarutheen | ||
| 245 |
_aIslathil Magalir Nilai _bMagalirum sadchiyam pattiya Islamiya chaddangalum |
||
| 260 |
_aColombo _bMWRAF _c1996 |
||
| 300 | _ap.58 | ||
| 650 | _awomen & Islam | ||
| 942 | _cBK | ||
| 999 |
_c2923 _d2923 |
||